LEADER 01444nlm0 22003851i 450 001 990009880770403321 005 20140710091124.0 010 $a9781845933876 035 $a000988077 035 $aFED01000988077 035 $a(Aleph)000988077FED01 035 $a000988077 100 $a20140710d2008----km-y0itay0103----ba 101 0 $aeng 135 $adrnn-008mamaa 200 1 $aConserving land, protecting water$bRisorsa elettronica$fedited by Deborah Bossio and Kim Geheb 210 $aWallingford, U.K. ; Cambridge, Mass.$cCABI Pub.$cOvid [distributor]$d2008 225 1 $aComprehensive assessment of water management in agriculture series$v6 230 $aDocumento elettronico 300 $aPubblicato in collaborazione con CGIAR Challenge Program on Water & Food and the International Water Management Institute (IWMI) 336 $aTesto 337 $aFormato pdf 676 $a631.45 702 1$aBossio,$bDeborah 702 1$aGeheb,$bKim 801 3$aIT$bUNINA$gREICAT$2UNIMARC 856 4 $zFull text per gli utenti Federico II$uhttp://ovidsp.ovid.com/ovidweb.cgi?T=JS&PAGE=booktext&NEWS=N&DF=bookdb&AN=01434630/6th_Edition&XPATH=/PG(0) 901 $aEB 912 $a990009880770403321 961 $aLand degradation 961 $aWater conservation 961 $aWater-supply, Agricultural 961 $aConservation of Natural Resources 996 $aConserving land, protecting water$9829889 997 $aUNINA LEADER 01177nam0-22003971i-450- 001 990003747700403321 005 20150209134634.0 035 $a000374770 035 $aFED01000374770 035 $a(Aleph)000374770FED01 035 $a000374770 100 $a20030910d1977----km-y0itay50------ba 101 1 $aita$ceng 102 $aIT 105 $ay-------001yy 200 1 $a<>organizzazione sociale$fCharles H. Cooley$gintroduzione di Aldo Visalberghi$gtraduzione dall'inglese di Edda Saccomani Salvadori 205 $a2. ed. 210 $aMilano$cEd. di Comunità$d1977 215 $axxx, 319 p.$d25 cm 225 1 $aClassici della sociologia$v4 454 0$12001$aSocial organization$919561 610 0 $aSociologia$aTeoria 610 0 $aClassi sociali 610 0 $aDemocrazia 676 $a301.01 676 $a321.4 676 $a305.51 700 1$aCooley,$bCharles Horton$f<1864-1929>$0125970 702 1$aVisalberghi,$bAldo$f<1919-2007> 801 0$aIT$bUNINA$gRICA$2UNIMARC 901 $aBK 912 $a990003747700403321 952 $a301.01 CO-COO 1$b2071$fBFS 959 $aBFS 996 $aSocial organization$919561 997 $aUNINA